[Event "25th Zadar Open 2018"]
[Site "Zadar"]
[Date "2018.12.21"]
[Round "8.21"]
[White "Sahil, Tickoo"]
[Black "Sinanovic, Muhamed"]
[Result "1/2-1/2"]
[WhiteElo "2224"]
[BlackElo "2325"]
[Annotator "NA"]
[PlyCount "96"]
[EventDate "2018.12.15"]
[EventType "swiss"]
[EventCountry "CRO"]
[SourceTitle "playchess.com"]
[Source "ChessBase"]
[SourceQuality "1"]
[TimeControl "40/5400+30:1800+30"]

1. d4 {[%emt 0:01:30]} e6 {[%emt 0:00:30]} 2. Nf3 {[%emt 0:00:30]} Nf6 {[%emt 0:00:00]} 3. Bf4 {[%emt 0:00:30]} b6 {[%emt 0:00:00]} 4. e3 {[%emt 0:00:30]} Bb7 {[%emt 0:00:30]} 5. Nbd2 {[%emt 0:00:30]} g6 {[%emt 0:04:30] A47: 1 d4 Nf6 2 Nf3 b6: Torre, London and Colle Systems} (5... Bd6 6. Bg3 O-O 7. Bd3 h6 8. c3 Bxg3 9. hxg3 d6 10. Qe2 Nbd7 11. e4 e5 12. dxe5 dxe5 13. O-O-O {1-0 (27) Le,Q (2737)-Salgado Lopez,I (2644) Riadh 2017}) 6. Bd3 {[%emt 0:00:30]} Bg7 {[%emt 0:00:30]} 7. c3 {[%emt 0:02:30]} O-O {[%emt 0:00:30]} 8. Qe2 {[%emt 0:03:30]} d6 {[%emt 0:06:30]} 9. e4 $146 {[%emt 0:05:30]} ({Predecessor:} 9. h4 Nbd7 10. O-O-O Qe7 11. h5 e5 12. hxg6 hxg6 13. Bg5 {0-1 (30) Khandhar,K (1981)-Vo,T (2399) Johor 2017}) 9... Nc6 {[%emt 0:07:30]} 10. O-O {[%emt 0:19:30]} Ne7 {[%emt 0:10:30]} 11. h3 {[%emt 0:04:30]} c5 {[%emt 0:12:30]} 12. dxc5 {[%emt 0:03:30]} bxc5 {[%emt 0:03:30]} 13. Qe3 {[%emt 0:12:30]} Rc8 {[%emt 0:04:30]} 14. Rad1 {[%emt 0:06:30]} d5 {[%emt 0:06:30]} 15. e5 {[%emt 0:00:30]} Nd7 {[%emt 0:00:00]} 16. Bh6 {[%emt 0:00:30]} Qb6 {[%emt 0:02:00]} 17. Rb1 {[%emt 0:10:30]} Ba6 {[%emt 0:00:30]} 18. Bxg7 {[%emt 0:00:30]} Kxg7 {[%emt 0:00:00]} 19. Rfe1 {[%emt 0:02:30]} Bxd3 {[%emt 0:00:00]} 20. Qxd3 {[%emt 0:00:30]} a5 {[%emt 0:01:30]} 21. Nf1 {[%emt 0:02:30]} c4 {[%emt 0:02:30]} 22. Qd2 {[%emt 0:00:30]} a4 {[%emt 0:02:30]} 23. Ne3 {[%emt 0:01:30]} Rc5 {[%emt 0:02:30]} 24. Ng4 {[%emt 0:02:29]} Ng8 {[%emt 0:00:30]} 25. h4 {[%emt 0:01:02]} h5 {[%emt 0:00:30]} 26. Ngh2 {[%emt 0:01:26]} Nh6 {[%emt 0:00:30]} 27. Nd4 {[%emt 0:00:16]} Qd8 {[%emt 0:04:30]} 28. Qf4 {[%emt 0:02:16]} Nb8 {[%emt 0:02:30]} (28... Rc7 $17) 29. Nhf3 {[%emt 0:03:49]} Nc6 {[%emt 0:00:30]} 30. Rbd1 {[%emt 0:02:26]} Nxd4 {[%emt 0:00:30]} 31. Nxd4 {[%emt 0:00:10]} Qe7 $15 {[%emt 0:02:30]} 32. a3 {[%emt 0:00:56]} Rb8 {[%emt 0:01:30]} 33. Rd2 {[%emt 0:00:41]} Rb6 {[%emt 0:00:30]} 34. Ree2 {[%emt 0:01:18]} Rc8 {[%emt 0:01:30]} 35. f3 {[%emt 0:01:07]} Rh8 {[%emt 0:03:17]} 36. g3 {[%emt 0:00:57]} Nf5 {[%emt 0:00:40]} 37. Nxf5+ {[%emt 0:02:17]} gxf5 {[%emt 0:03:02]} 38. Qg5+ {[%emt 0:04:48]} Qxg5 {[%emt 0:01:14]} 39. hxg5 {[%emt 0:00:01]} h4 {[%emt 0:06:57]} 40. Rh2 {[%emt 0:00:00]} hxg3 {[%emt 0:00:00]} 41. Rxh8 {[%emt 0:01:01]} Kxh8 {[%emt 0:00:20]} 42. Kg2 {[%emt 0:06:30]} Kg7 {[%emt 0:01:30]} 43. Kxg3 {[%emt 0:01:30]} Rb8 {[%emt 0:00:30]} 44. f4 {[%emt 0:06:44]} Rh8 {[%emt 0:01:30]} 45. Rh2 {[%emt 0:00:26]} Rxh2 {[%emt 0:01:30]} 46. Kxh2 {[%emt 0:00:02]} Kg6 {[%emt 0:00:00]} 47. Kg3 {[%emt 0:00:07]} Kh5 {[%emt 0:00:00]} 48. Kh3 {[%emt 0:00:11]} Kg6 {[%emt 0:00:00]} 1/2-1/2

[Event "25th Zadar Open 2018"]
[Site "Zadar"]
[Date "2018.12.21"]
[Round "8.22"]
[White "Bosnjak, Petar"]
[Black "Bratovic, Blaz"]
[Result "1/2-1/2"]
[WhiteElo "2255"]
[BlackElo "2307"]
[Annotator "NA"]
[PlyCount "95"]
[EventDate "2018.12.15"]
[EventType "swiss"]
[EventCountry "CRO"]
[SourceTitle "playchess.com"]
[Source "ChessBase"]
[SourceQuality "1"]
[TimeControl "40/5400+30:1800+30"]

1. e4 {[%emt 0:00:30]} c5 {[%emt 0:01:30]} 2. Nc3 {[%emt 0:00:00]} Nc6 {[%emt 0:00:00]} 3. Nf3 {[%emt 0:00:00]} Nf6 {[%emt 0:00:00]} 4. d4 {[%emt 0:00:30]} cxd4 {[%emt 0:00:00]} 5. Nxd4 {[%emt 0:00:30]} e5 {[%emt 0:00:00]} 6. Ndb5 {[%emt 0:00:00]} d6 {[%emt 0:00:30]} 7. Bg5 {[%emt 0:04:00]} a6 {[%emt 0:00:30]} 8. Na3 {[%emt 0:00:00]} b5 {[%emt 0:00:30]} 9. Nd5 {[%emt 0:00:00]} Be7 {[%emt 0:00:00]} 10. Bxf6 {[%emt 0:00:30]} Bxf6 {[%emt 0:00:00]} 11. c4 {[%emt 0:00:00]} b4 {[%emt 0:00:00]} 12. Nc2 {[%emt 0:00:00]} a5 {[%emt 0:00:00]} 13. g3 {[%emt 0:00:30] B33: Sicilian: Pelikan and Sveshnikov Variations} O-O {[%emt 0:00:30]} 14. h4 {[%emt 0:00:30]} a4 {[%emt 0:01:30] [#]} 15. Qd3 $146 {[%emt 0:05:30]} ({Predecessor:} 15. Bg2 Be6 16. O-O Bxd5 17. cxd5 Nd4 18. Rc1 Qb6 19. Nxd4 Qxd4 {½-½ (42) Svetushkin,D (2580)-Fressinet,L (2710) Linares 2015}) 15... Qa5 {[%emt 0:07:30]} 16. Qd2 {[%emt 0:06:30]} Bd8 {[%emt 0:02:30]} 17. Bg2 {[%emt 0:10:30]} Qc5 {[%emt 0:05:30]} 18. b3 {[%emt 0:08:30]} axb3 {[%emt 0:13:30]} 19. axb3 {[%emt 0:00:30]} Rxa1+ {[%emt 0:00:00]} 20. Nxa1 {[%emt 0:00:30]} Nd4 {[%emt 0:03:00]} 21. O-O {[%emt 0:01:30]} Ba5 {[%emt 0:02:30]} 22. Qd3 {[%emt 0:09:30]} Be6 {[%emt 0:01:30]} 23. Ne3 {[%emt 0:04:30]} Bb6 {[%emt 0:00:30]} 24. Nac2 {[%emt 0:03:30]} Nxc2 {[%emt 0:07:30]} 25. Qxc2 {[%emt 0:12:30]} Ra8 {[%emt 0:00:30]} 26. Nf5 {[%emt 0:05:30]} Qc7 {[%emt 0:03:30]} 27. Qd2 {[%emt 0:07:39]} Bc5 {[%emt 0:02:30]} 28. h5 {[%emt 0:01:42]} f6 {[%emt 0:03:30]} 29. Bh3 {[%emt 0:01:35]} Bf7 {[%emt 0:01:30]} 30. h6 {[%emt 0:00:14]} g6 {[%emt 0:00:30]} 31. Ne3 {[%emt 0:00:33]} Qb7 {[%emt 0:02:30]} 32. Qe2 {[%emt 0:02:35]} Qe7 $11 {[%emt 0:14:30]} (32... Ra3 $5 {[%cal Ra3b3]} 33. Qc2 Qe7 $15) 33. Qf3 {[%emt 0:04:19]} Rf8 {[%emt 0:00:00]} 34. Ra1 {[%emt 0:03:07]} Be6 {[%emt 0:00:00]} 35. Bxe6+ {[%emt 0:01:03]} Qxe6 {[%emt 0:00:30]} 36. Kg2 {[%emt 0:05:53]} f5 {[%emt 0:08:30]} 37. Ra2 {[%emt 0:01:35]} Bxe3 {[%emt 0:01:30]} 38. Qxe3 {[%emt 0:00:07]} f4 {[%emt 0:00:00]} 39. Qa7 {[%emt 0:00:56]} Qf6 {[%emt 0:00:00]} 40. Qg7+ {[%emt 0:00:00]} Qxg7 {[%emt 0:00:00]} 41. hxg7 {[%emt 0:02:12]} Kxg7 {[%emt 0:02:00]} 42. Ra6 {[%emt 0:06:30]} fxg3 {[%emt 0:00:30]} 43. fxg3 {[%emt 0:00:30]} Rf6 {[%emt 0:00:30]} 44. Ra7+ {[%emt 0:00:30]} Rf7 {[%emt 0:00:30]} 45. Ra6 {[%emt 0:00:30]} Rf6 {[%emt 0:00:30]} 46. Ra7+ {[%emt 0:00:30]} Rf7 {[%emt 0:00:30]} 47. Ra6 {[%emt 0:00:00]} Rf6 {[%emt 0:00:00]} 48. Ra7+ {[%emt 0:00:00]} 1/2-1/2

[Event "25th Zadar Open 2018"]
[Site "Zadar"]
[Date "2018.12.21"]
[Round "8.23"]
[White "Ojas Kulkarni"]
[Black "Chan, Kim Yew"]
[Result "1/2-1/2"]
[WhiteElo "2282"]
[BlackElo "2175"]
[Annotator "NA"]
[PlyCount "82"]
[EventDate "2018.12.15"]
[EventType "swiss"]
[EventCountry "CRO"]
[SourceTitle "playchess.com"]
[Source "ChessBase"]
[SourceQuality "1"]
[TimeControl "40/5400+30:1800+30"]

1. c4 {[%emt 0:00:30]} c5 {[%emt 0:00:30]} 2. Nc3 {[%emt 0:02:30]} g6 {[%emt 0:00:00]} 3. g3 {[%emt 0:00:30]} Bg7 {[%emt 0:00:00]} 4. Bg2 {[%emt 0:00:30]} Nc6 {[%emt 0:00:00]} 5. d3 {[%emt 0:02:30]} e6 {[%emt 0:01:00]} 6. h4 {[%emt 0:00:30]} h6 {[%emt 0:02:30]} 7. Nh3 {[%emt 0:00:30]} Nge7 {[%emt 0:00:00]} 8. Nf4 {[%emt 0:00:30]} b6 {[%emt 0:01:00]} 9. Bd2 {[%emt 0:09:30]} Bb7 {[%emt 0:00:30]} 10. a3 {[%emt 0:00:00]} d6 $11 {[%emt 0:04:30]} 11. b4 {[%emt 0:06:00]} Qd7 {[%emt 0:00:00]} 12. Qa4 {[%emt 0:04:30]} O-O {[%emt 0:07:00]} 13. Rb1 {[%emt 0:01:30]} Rfd8 {[%emt 0:02:30]} 14. O-O {[%emt 0:02:30]} Nd4 {[%emt 0:21:30]} 15. Qxd7 {[%emt 0:02:30]} Rxd7 {[%emt 0:00:30]} 16. Bxb7 {[%emt 0:10:30]} Rxb7 {[%emt 0:00:30]} 17. bxc5 {[%emt 0:09:30]} dxc5 {[%emt 0:00:30]} 18. Rfc1 {[%emt 0:00:00]} Rd8 {[%emt 0:07:30]} 19. Kf1 {[%emt 0:01:00]} Nec6 {[%emt 0:02:30]} 20. Ng2 {[%emt 0:02:30]} Ne5 {[%emt 0:09:30]} 21. Ne3 {[%emt 0:00:30]} Rdd7 {[%emt 0:05:30]} 22. Nb5 {[%emt 0:04:30]} Nec6 {[%emt 0:06:30]} 23. Nc2 {[%emt 0:02:30]} Nf5 {[%emt 0:00:30]} 24. Ne3 {[%emt 0:05:30]} Nd6 {[%emt 0:01:30]} 25. Bc3 {[%emt 0:04:30]} h5 {[%emt 0:01:30]} 26. Bxg7 {[%emt 0:05:30]} Kxg7 {[%emt 0:00:00]} 27. f3 {[%emt 0:01:30]} Ne5 {[%emt 0:03:00]} 28. Kf2 {[%emt 0:00:30]} Nf5 {[%emt 0:05:49]} 29. Rc2 {[%emt 0:02:29]} Kf6 {[%emt 0:01:59]} 30. Rcb2 {[%emt 0:01:06]} Nxe3 {[%emt 0:00:31]} 31. Kxe3 {[%emt 0:00:07]} Ke7 {[%emt 0:00:17]} 32. Nc3 {[%emt 0:02:50]} Rb8 {[%emt 0:01:38]} 33. Ne4 {[%emt 0:02:54]} Rbd8 {[%emt 0:00:33]} 34. Rh1 {[%emt 0:01:51]} Rd4 {[%emt 0:02:59]} 35. Rbb1 {[%emt 0:01:16]} f5 {[%emt 0:03:06]} 36. Ng5 {[%emt 0:00:40]} Nc6 {[%emt 0:00:36]} 37. Rbg1 {[%emt 0:01:47]} Kf6 {[%emt 0:02:44]} 38. Nh7+ {[%emt 0:02:24]} Kg7 {[%emt 0:00:03]} 39. Ng5 {[%emt 0:00:10]} Kf6 {[%emt 0:00:06]} 40. Nh7+ {[%emt 0:00:00]} Kg7 {[%emt 0:00:00]} 41. Ng5 {[%emt 0:00:56]} Kf6 {[%emt 0:00:39]} 1/2-1/2

[Event "25th Zadar Open 2018"]
[Site "Zadar"]
[Date "2018.12.21"]
[Round "8.24"]
[White "Samani, Yamac"]
[Black "Jeet, Jain"]
[Result "0-1"]
[WhiteElo "2267"]
[BlackElo "2212"]
[Annotator "NA"]
[PlyCount "92"]
[EventDate "2018.12.15"]
[EventType "swiss"]
[EventCountry "CRO"]
[SourceTitle "playchess.com"]
[Source "ChessBase"]
[SourceQuality "1"]
[TimeControl "40/5400+30:1800+30"]

1. d4 {[%emt 0:00:30]} Nf6 {[%emt 0:00:30]} 2. Nf3 {[%emt 0:00:00]} c5 {[%emt 0:00:30]} 3. e3 {[%emt 0:01:00]} g6 {[%emt 0:00:30]} 4. Bd3 {[%emt 0:00:30]} Bg7 {[%emt 0:00:30]} 5. O-O {[%emt 0:00:30]} b6 {[%emt 0:01:30]} 6. Nbd2 {[%emt 0:01:30]} O-O {[%emt 0:00:30]} 7. c3 {[%emt 0:00:30] A48: 1 d4 Nf6 2 Nf3 g6: Torre, London and Colle Systems} (7. dxc5 bxc5 8. e4 Nc6 9. Re1 Qc7 10. h3 d6 11. Nc4 Nd7 12. c3 Bb7 13. Bf4 Rfd8 14. Qe2 Nb6 {1-0 (48) Zufic,M (2395)-Bozinovic,B (2174) Pula 2017}) 7... d6 {[%emt 0:01:30]} 8. Re1 {[%emt 0:02:30]} Qc7 {[%emt 0:01:30]} 9. e4 {[%emt 0:03:30]} e5 $146 {[%emt 0:02:30]} ({Predecessor:} 9... Bb7 10. Nf1 c4 11. Bc2 b5 12. a4 a6 13. Bf4 Nbd7 14. e5 dxe5 15. Nxe5 Nd5 16. Bg3 Nxe5 17. Bxe5 Bxe5 18. Rxe5 {1-0 (69) Friedel,M (2133)-Benend,A (2213) Germany 2009}) 10. dxe5 {[%emt 0:02:30]} dxe5 {[%emt 0:00:30]} 11. Qc2 {[%emt 0:02:30]} h6 {[%emt 0:03:30]} 12. a4 {[%emt 0:00:30]} Nc6 {[%emt 0:01:30]} 13. Nc4 {[%emt 0:04:30]} Rd8 {[%emt 0:10:30]} 14. Ne3 {[%emt 0:16:30]} Bb7 {[%emt 0:02:30]} 15. Nd2 {[%emt 0:02:30]} a6 {[%emt 0:04:30]} 16. f3 {[%emt 0:05:30]} Bc8 {[%emt 0:06:30]} 17. Bc4 {[%emt 0:03:30]} Na5 {[%emt 0:01:30]} 18. Nd5 {[%emt 0:02:30]} Nxd5 {[%emt 0:00:30]} 19. Bxd5 {[%emt 0:00:30]} Bb7 {[%emt 0:01:30]} 20. Bxb7 {[%emt 0:01:30]} Qxb7 {[%emt 0:00:30]} 21. Nf1 {[%emt 0:01:30]} c4 {[%emt 0:08:30]} 22. Ne3 {[%emt 0:02:30]} Nb3 {[%emt 0:02:30]} 23. Rb1 {[%emt 0:11:30]} b5 {[%emt 0:04:30]} 24. Nd5 {[%emt 0:02:30]} Nc5 {[%emt 0:00:30]} 25. axb5 {[%emt 0:03:30]} axb5 {[%emt 0:00:30]} 26. Be3 {[%emt 0:00:30]} Nd3 {[%emt 0:00:30]} 27. Red1 {[%emt 0:00:30]} Rxd5 {[%emt 0:12:30]} 28. exd5 {[%emt 0:00:00]} Qxd5 {[%emt 0:00:30]} 29. Ra1 {[%emt 0:03:00]} Rd8 {[%emt 0:02:30]} 30. Qd2 {[%emt 0:02:30]} h5 {[%emt 0:03:30]} 31. h3 $11 {[%emt 0:01:30]} e4 {[%emt 0:01:30]} 32. fxe4 {[%emt 0:01:30]} Qxe4 {[%emt 0:00:30]} 33. Bh6 {[%emt 0:06:27]} Be5 {[%emt 0:02:30]} 34. Rf1 {[%emt 0:02:59]} Bd6 {[%emt 0:11:15]} 35. Qg5 {[%emt 0:01:12]} Be7 {[%emt 0:00:37]} 36. Qxb5 {[%emt 0:01:44]} Bc5+ {[%emt 0:00:25]} 37. Kh1 {[%emt 0:00:15]} Nf2+ {[%emt 0:01:48]} 38. Rxf2 {[%emt 0:00:56]} Bxf2 {[%emt 0:00:07]} 39. Qa6 {[%emt 0:08:48]} Qe2 {[%emt 0:06:22]} 40. Qa4 {[%emt 0:00:00]} Rd3 {[%emt 0:00:00]} 41. Kh2 {[%emt 0:08:09]} Kh7 {[%emt 0:12:26]} 42. Bf8 {[%emt 0:01:30]} Rxh3+ {[%emt 0:00:30]} 43. gxh3 {[%emt 0:00:30]} Be3+ {[%emt 0:00:30]} 44. Kh1 {[%emt 0:00:00]} Qf3+ {[%emt 0:00:00]} 45. Kh2 {[%emt 0:00:00]} Qf2+ {[%emt 0:00:00]} 46. Kh1 {[%emt 0:00:00]} Bf4 {[%emt 0:00:00]} 0-1

[Event "25th Zadar Open 2018"]
[Site "Zadar"]
[Date "2018.12.21"]
[Round "8.25"]
[White "Cebalo, Miso"]
[Black "Karthik Kumar Pradeep"]
[Result "1-0"]
[WhiteElo "2262"]
[BlackElo "2230"]
[Annotator "TA"]
[PlyCount "125"]
[EventDate "2018.12.15"]
[EventType "swiss"]
[EventCountry "CRO"]
[SourceTitle "playchess.com"]
[Source "ChessBase"]
[SourceQuality "1"]

{[%evp 14,125,39,42,60,28,40,34,57,0,-4,-16,-8,-12,-27,-10,-7,-29,-10,-36,-10,-22,-16,-24,-24,-32,0,0,0,0,0,-23,0,-33,-47,-57,-15,-14,-11,-21,12,12,0,-20,-27,-39,-34,-33,-34,-87,-87,-84,-79,-150,-113,-146,-98,-126,0,-69,-80,-100,-25,-18,-20,-90,-85,-81,86,79,78,75,65,77,121,122,249,215,410,406,383,386,476,393,497,455,468,460,536,521,486,0,466,439,497,489,452,468,626,428,626,625,582,541,524,514,838,823,766,741,787,725,1637,1608]} 1. d4 Nf6 2. Nf3 e6 3. c4 Bb4+ 4. Nbd2 O-O 5. a3 Be7 6. e4 d6 {E11: Bogo-Indian} (6... d5 7. e5 Nfd7 8. Bd3 c5 9. h4 g6 10. O-O Nc6 11. Nb3 dxc4 12. Bxc4 cxd4 13. Re1 a5 14. Bh6 Re8 15. Rc1 Nb6 {1-0 (39) Ding,L (2804)-Saric,I (2689) Batumi 2018}) 7. Bd3 Nbd7 8. O-O {LiveBook: 36 Games} a5 $146 {White is slightly better.} ({Predecessor:} 8... e5 9. Re1 Re8 10. h3 Bf8 11. b3 g6 12. Bb2 Bg7 13. Qc2 b6 14. Rac1 Bb7 15. b4 c5 16. bxc5 bxc5 {1-0 (58) Kovalenko,I (2702)-Neiksans,A (2596) Liepaja 2015}) 9. b3 e5 10. Bb2 exd4 11. Bxd4 (11. Nxd4 $14 b6 12. f4) 11... Ne5 $11 12. Be2 Nc6 13. Bc3 Nd7 14. Qc2 Bf6 15. Rfe1 Re8 16. h3 b6 17. Bf1 Bb7 18. Re3 Bxc3 19. Qxc3 Qf6 20. Qxf6 Nxf6 21. Rae1 Nd7 22. Bd3 {[%cal Bf1d3,Bd3c2,Bc2d1][%mdl 32]} Re7 23. Bc2 Nde5 24. Nh2 {[#]} a4 $1 {[%mdl 512] With the idea ...Nd4.} 25. b4 (25. bxa4 Nd4) 25... Nd4 26. Bd1 Ba6 27. Rc3 b5 $36 {[%mdl 2048] Black is pushing.} 28. Nhf3 Ndxf3+ ({Much worse is} 28... Nxc4 29. Nxd4 Nxd2 30. Nf5 $14) 29. gxf3 bxc4 30. Bxa4 g5 31. Kg2 (31. Kh2 $15) 31... c6 $17 32. Bc2 f6 33. Nf1 (33. h4 $142) 33... d5 34. Rd1 Rd7 35. Rd4 {[#]} Rad8 (35... Ng6 $1 $17 {[%cal Rg6f4]} 36. exd5 Rxd5) 36. Ng3 (36. Ne3 $11) 36... Ng6 $15 {Hoping for ...Nf4+.} 37. Ne2 Nf8 (37... dxe4 $17 38. Rxd7 exf3+ 39. Rxf3 Nh4+ 40. Kf1 Rxd7 41. Rxf6 Rd2 42. Rxc6 Bb7 43. Rxc4 Bg2+ {[%mdl 64] Double Attack} 44. Kg1 Rxe2 45. Rxh4 Rxc2) 38. exd5 $11 Rxd5 39. Rxd5 (39. Re4 $11 {remains equal.}) 39... cxd5 $17 40. Nd4 Nd7 $2 {[#]} (40... Kf7 $17 {keeps the pressure on. aiming for ...Ne6.} 41. b5 Bc8) 41. f4 $1 {[%mdl 512]} gxf4 42. Kf3 Ne5+ 43. Kxf4 Bc8 44. a4 Bb7 (44... Bd7 $16) 45. Rg3+ $18 Kh8 $2 (45... Kf7 46. Bxh7 Rh8) 46. b5 Ra8 47. Ra3 Ra5 48. Ke3 c3 {Threatens to win with ...Nc4+.} 49. Rxc3 Nc4+ 50. Kf4 Ra8 51. Bb3 Nd2 52. Bc2 Nc4 53. Rg3 {White is clearly winning.} Nb6 54. Re3 Nxa4 55. Re7 Nc5 56. Rxh7+ Kg8 57. Rc7 Rc8 58. Rxc8+ Bxc8 59. h4 Bd7 (59... Kf8 $142 60. Bf5 Bb7) 60. Bf5 Be8 61. b6 Bf7 62. Bc8 Be8 63. Ne6 {Accuracy: White = 60%, Black = 45%.} 1-0

[Event "25th Zadar Open 2018"]
[Site "Zadar"]
[Date "2018.12.21"]
[Round "8.26"]
[White "Pallitsch, Clemens"]
[Black "Mohite, Ranveer"]
[Result "1/2-1/2"]
[WhiteElo "2176"]
[BlackElo "2236"]
[Annotator "ChessBase"]
[PlyCount "134"]
[EventDate "2018.12.15"]
[EventType "swiss"]
[EventCountry "CRO"]
[SourceTitle "playchess.com"]
[Source "ChessBase"]
[SourceQuality "1"]
[TimeControl "40/5400+30:1800+30"]

1. d4 {[%emt 0:00:30]} Nf6 {[%emt 0:00:30]} 2. c4 {[%emt 0:00:30]} g6 {[%emt 0:00:30]} 3. Nc3 {[%emt 0:00:30]} d5 {[%emt 0:00:30]} 4. Bf4 {[%emt 0:00:30]} Bg7 {[%emt 0:00:00]} 5. e3 {[%emt 0:00:00]} O-O {[%emt 0:00:00]} 6. cxd5 {[%emt 0:00:00]} Nxd5 {[%emt 0:00:30]} 7. Nxd5 {[%emt 0:00:30]} Qxd5 {[%emt 0:00:00]} 8. Bxc7 {[%emt 0:00:30]} Na6 {[%emt 0:00:00]} 9. Bxa6 {[%emt 0:00:30]} Qxg2 {[%emt 0:01:30]} 10. Qf3 {[%emt 0:00:00]} Qxf3 {[%emt 0:00:30]} 11. Nxf3 {[%emt 0:00:00]} bxa6 {[%emt 0:00:00]} 12. Rc1 {[%emt 0:00:30]} f6 {[%emt 0:00:00]} 13. Rg1 {[%emt 0:00:30]} Bd7 {[%emt 0:06:30]} 14. Nd2 {[%emt 0:08:30]} Rac8 {[%emt 0:08:30]} 15. f3 {[%emt 0:04:30]} e5 {[%emt 0:25:30]} 16. d5 {[%emt 0:04:30]} f5 {[%emt 0:00:00]} 17. b3 {[%emt 0:02:30]} e4 {[%emt 0:12:00]} 18. f4 {[%emt 0:00:30]} Bb2 {[%emt 0:16:30]} 19. Rc2 {[%emt 0:01:30]} Ba3 {[%emt 0:00:00]} 20. Kf2 {[%emt 0:27:30]} Bb5 {[%emt 0:08:27]} 21. Nc4 {[%emt 0:15:30]} Rxc7 {[%emt 0:10:33]} 22. Nxa3 {[%emt 0:00:30]} Rxc2+ {[%emt 0:00:09]} 23. Nxc2 {[%emt 0:00:30]} Kf7 {[%emt 0:04:55]} 24. Rd1 {[%emt 0:03:30]} Rc8 {[%emt 0:01:00]} 25. Rd2 {[%emt 0:00:30]} Ke7 {[%emt 0:00:26]} 26. Nd4 {[%emt 0:13:19]} Rc1 {[%emt 0:02:39]} 27. Rc2 {[%emt 0:01:37]} Rxc2+ {[%emt 0:01:38]} 28. Nxc2 {[%emt 0:00:02]} Kd6 {[%emt 0:00:00]} 29. Ke1 {[%emt 0:00:34]} Kxd5 {[%emt 0:00:53]} 30. Kd2 {[%emt 0:00:14]} a5 {[%emt 0:00:29]} 31. Kc3 {[%emt 0:00:27]} h6 {[%emt 0:00:24]} 32. h4 {[%emt 0:00:10]} Be8 {[%emt 0:00:29]} 33. Nd4 {[%emt 0:01:37]} Bd7 {[%emt 0:00:16]} 34. Nc2 {[%emt 0:01:37]} Bc6 {[%emt 0:00:54]} 35. Na3 {[%emt 0:00:27]} Be8 {[%emt 0:00:38]} 36. Nc4 {[%emt 0:00:24]} a4 {[%emt 0:00:09]} 37. b4 {[%emt 0:00:54]} Bb5 {[%emt 0:00:34]} 38. Na5 {[%emt 0:04:27]} Ba6 {[%emt 0:00:07]} 39. a3 {[%emt 0:01:12]} Bb5 {[%emt 0:01:13]} 40. Nb7 {[%emt 0:00:00]} Bc6 {[%emt 0:00:00]} 41. Na5 {[%emt 0:02:59]} Be8 {[%emt 0:04:37]} 42. Nb7 {[%emt 0:04:30]} Bb5 {[%emt 0:01:30]} 43. Na5 {[%emt 0:03:30]} Ba6 {[%emt 0:07:18]} 44. Kd2 {[%emt 0:00:30]} Bf1 {[%emt 0:03:59]} 45. Ke1 {[%emt 0:00:30]} Bb5 {[%emt 0:00:50]} 46. Kf2 {[%emt 0:00:30]} Ke6 {[%emt 0:00:45]} 47. Kg3 {[%emt 0:00:30]} Kf6 {[%emt 0:00:59]} 48. Kf2 {[%emt 0:02:30]} Bd7 {[%emt 0:02:10]} 49. Kg3 {[%emt 0:02:30]} Be6 {[%emt 0:02:45]} 50. Nc6 {[%emt 0:01:30]} a6 {[%emt 0:00:10]} 51. Nd4 {[%emt 0:02:30]} Bc4 {[%emt 0:02:30]} 52. Kf2 {[%emt 0:00:30]} Ke7 {[%emt 0:01:23]} 53. Nc6+ {[%emt 0:03:37]} Kf6 {[%emt 0:00:05]} 54. Nd4 {[%emt 0:00:07]} Bb5 {[%emt 0:00:07]} 55. Ke1 {[%emt 0:03:21]} Ke7 {[%emt 0:00:29]} 56. Kd2 {[%emt 0:00:43]} Kd6 {[%emt 0:00:31]} 57. Kc2 {[%emt 0:03:08]} Kd5 {[%emt 0:00:44]} 58. Kc3 {[%emt 0:00:14]} Bd3 {[%emt 0:04:18]} 59. h5 {[%emt 0:00:41]} gxh5 {[%emt 0:00:24]} 60. Nxf5 {[%emt 0:00:11]} Be2 {[%emt 0:00:44]} 61. Nh4 {[%emt 0:01:52]} Bf3 {[%emt 0:00:21]} 62. Ng6 {[%emt 0:00:36]} Bg4 {[%emt 0:01:54]} 63. Nh4 {[%emt 0:00:22]} Be6 {[%emt 0:00:47]} 64. Ng6 {[%emt 0:00:25]} Bh3 {[%emt 0:01:33]} 65. Nh4 {[%emt 0:00:14]} Bg4 {[%emt 0:01:11]} 66. Ng6 {[%emt 0:00:15]} Bh3 {[%emt 0:00:27]} 67. Nh4 {[%emt 0:00:17]} Bg4 {[%emt 0:01:13]} 1/2-1/2